Herleitung von Kriterien zur Einbeziehung von Nachhaltigkeit in das Kapitalanlagemanagement von Versicherungen
Gespeichert in:
| 1. Verfasser: | |
|---|---|
| Format: | Buchkapitel |
| Sprache: | Deutsch |
| Schlagworte: | |
| Tags: |
Keine Tags, Fügen Sie das erste Tag hinzu!
|
MARC
| LEADER | 00000nla a2200000 4500 | ||
|---|---|---|---|
| 001 | 0195390 | ||
| 005 | 20240502073257.2 | ||
| 041 | 0 | |a ger | |
| 044 | |a SK | ||
| 245 | 1 | 0 | |a Herleitung von Kriterien zur Einbeziehung von Nachhaltigkeit in das Kapitalanlagemanagement von Versicherungen |c Sebastian Flick |
| 610 | 2 | 0 | |a poistenie |
| 610 | 2 | 0 | |a poisťovne |
| 610 | 2 | 0 | |a investovanie |
| 610 | 2 | 0 | |a rozvoj trvalo udržateľný |
| 100 | 1 | |a Flick, Sebastian, 1987- | |